| 000 | 00356nam a22001577a 4500 | ||
|---|---|---|---|
| 003 | SGT | ||
| 020 | _a9788185790046 | ||
| 082 |
_a615.19 _bP22K |
||
| 100 | _aKADAM, S.S | ||
| 245 | _aPRINCIPLES OF MEDICINAL CHEMISRY | ||
| 260 |
_aPUNE _bNIRALI PRAK _c2022 |
||
| 300 | _aI:12 | ||
| 650 | _aMEDICINAL CHEMISTRY | ||
| 653 | _aPRINICIPLES | ||
| 942 |
_2ddc _cBK |
||
| 999 |
_c22945 _d22945 |
||